Space Invaders Franchise - Statistics

General Stats
  • This quiz has been taken 6 times
  • The average score is 7 of 34
Answer Stats
Type Year Name Info % Correct
Video Game 1978 Space Invaders Taito / Midway / Leisure & Allied Industries / Atari
100%
Video Game 1999 Space Invaders Taito
100%
Video Game 2002 Space Invaders Activision
100%
Video Game 1980 Space Invaders II Taito
100%
Video Game 1979 Space Invaders Part II Taito / Midway Games
100%
Video Game Compilation 2005 Space Invaders Pocket Taito
40%
Video Game 1985 Return of the Invaders Taito
20%
Video Game 1990 Space Invaders 90 Taito
20%
Video Game 1995 Space Invaders '95 Taito
20%
Video Game Compilation 2003 Space Invaders Anniversary Taito
20%
Video Game 1993 Space Invaders DX Taito / Nintendo
20%
Video Game 2017 Space Invaders Frenzy Taito
20%
Video Game 2004 Arcade Legends: Space Invaders Taito
0%
Video Game 2017 Arkanoid vs. Space Invaders Taito / Square Enix
0%
Video Game 1990 Mininvaders Taito
0%
Video Game 2007 Minna de Invaders Taito
0%
Video Game 1995 PD Ultraman Invaders Taito
0%
Video Game 2005 Space Invaders Evolution Taito / Rising Star
0%
Video Game 2008 Space Invaders Extreme Taito / Square Enix
0%
Video Game 2009 Space Invaders Extreme 2 Taito / Square Enix
0%
Video Game 1990 Space Invaders: Fukkatsu no Hi Taito
0%
Video Game 2008 Space Invaders Get Even Taito / Square Enix
0%
Video Game 2009 Space Invaders Infinity Gene Taito / Square Enix
0%
Video Game 2007 Space Invaders Pinball Taito
0%
Video Game Compilation 2003 Space Invaders/Qix - Silver Anniversary Edition Taito / Namco
0%
Video Game 2005 Space Invaders Revolution Taito / Rising Star / Mastiff
0%
Video Game 2008 Space Invaders The Beat Attacker Taito
0%
Video Game 1994 Space Invaders: The Original Game Taito
0%
Video Game Compilation 2007 Space Invaders Trilogy Taito
0%
Video Game Compilation 1995 Space Invaders Virtual Collection Taito
0%
Video Game 2008 Space Invaders World War Taito
0%
Video Game 2005 Space Invaders x Pac-Man Taito / Namco
0%
Video Game 1990 Super Space Invaders '91 Taito / Domark Software / Ocean Software
0%
Video Game 2006 Yawaraka Sensha vs Space Invaders Taito
0%
No matching quizzes found
Score Distribution
Percent of People with Each Score
Percentile by Number Answered
Your Score History
You have not taken this quiz